000 00401 a2200121 4500
001 ART_6808
005 20260410161719.0
008 260409a
245 1 0 _aEl informe breve de auditoría en un escenario globalizado de libe comercio
100 1 _aCasal, Armando Miguel
700 1 _aWainstein, Mario
773 0 _tContabilidad y auditoría
_g- Año 4, Nº 8 (dic. 1998)
_wREV1723
999 _c16815
_d16815